[Event "IND-ch"]
[Site "?"]
[Date "1988.??.??"]
[Round "?"]
[White "Ravi, Thandalam Shanmugam"]
[Black "Koshy, Varugeese"]
[Result "0-1"]
[WhiteElo "2215"]
[BlackElo "2330"]

1.e4 g6 2.d4 Bg7 3.Nc3 d6 4.f4 c6 5.Be3 Qb6 6.Rb1 Nh6 7.Be2 d5 8.Qd2 dxe4
9.Nxe4 Nf5 10.c3 Nxe3 11.Qxe3 O-O 12.Nf3 Be6 13.b3 Nd7 14.O-O Rac8 15.Rbd1 Nf6
16.Nc5 Nd5 17.Qd2 Bg4 18.h3 Bxf3 19.Rxf3 Qc7 20.f5 b6 21.Ne4 Rcd8 22.Bd3 c5
23.Bc4 cxd4 24.cxd4 gxf5 25.Rxf5 e6 26.Rf3 Qe7 27.Qf2 f5 28.Nc3 Nxc3 29.Rxc3 b5
30.Be2 Qb4 31.Rcd3 Rd6 32.d5 e5 33.Qxa7 Qh4 34.Qf2 Qf6 35.Rf3 e4 36.Rf4 Bh6
37.Qg3+ Kh8 38.Rff1 f4 39.Qf2 f3 40.Bxb5 Qg5 41.Kh1 e3 42.Qg1 Rxd5 43.Rxd5 Qxd5
44.Bc4 Qxc4 45.bxc4 f2 46.Qh2 Bg7 47.Qg3 e2 48.Qd3 e1=Q 49.g3 Qc3 50.Qd6 Qxc4
51.Kg2 Qe4+ 52.Kh2 Qf5 53.Qd2 Qf3 54.Qd6 Re8 55.Qb6 Be5 56.Qxf2 Bxg3+ 57.Qxg3 Re2+  0-1

[Event "FRG-ch qual"]
[Site "Koenigslutter"]
[Date "1988.??.??"]
[Round "?"]
[White "Blauert, Joerg"]
[Black "Kauschmann, Herbert"]
[Result "0-1"]
[WhiteElo "2290"]
[BlackElo "2250"]

1.e4 d6 2.d4 g6 3.Nc3 Bg7 4.Nf3 c6 5.Bc4 Nf6 6.Qe2 O-O 7.e5 dxe5 8.dxe5 Nd5
9.Bd2 Bg4 10.O-O-O e6 11.h3 Bxf3 12.gxf3 Nd7 13.f4 Qh4 14.Qg4 Qxf2 15.Bxd5 cxd5
16.h4 h5 17.Qh3 Qc5 18.Be3 Qc6 19.Rhg1 Rfd8 20.Ne2 Qa6 21.Nd4 Nf8 22.Kb1 Rac8
23.Rg2 Rc4 24.Rdg1 Ra4 25.a3 b5 26.c3 b4 27.cxb4 Qd3+ 28.Rc2 a5 29.Nc6 axb4
30.Nxb4 Rxb4 31.axb4 d4 32.Rg3 dxe3 33.Rxe3 Qd4 34.Qf3 Qxb4 35.Rb3 Qe1+ 36.Rc1 Qxh4
37.Rb7 Rd4 38.Rb8 Rxf4 39.Qa3 Rc4  0-1

[Event "Lloyds Bank op"]
[Site "London"]
[Date "1988.??.??"]
[Round "?"]
[White "Chandler, Murray G"]
[Black "Sowray, Peter J"]
[Result "1-0"]
[WhiteElo "2605"]
[BlackElo "2330"]

1.e4 g6 2.d4 Bg7 3.Nc3 d6 4.Be3 Nd7 5.Nf3 c6 6.a4 Ngf6 7.h3 Qa5 8.Bd3 O-O
9.O-O e5 10.dxe5 Nxe5 11.Nxe5 dxe5 12.Bc4 Qb4 13.Qd3 Nh5 14.Ne2 Qe7 15.Rad1 Bf6
16.Qd6 Ng7 17.Qxe7 Bxe7 18.f4 exf4 19.Nxf4 Rb8 20.Bb3 b6 21.Nd3 Bd6 22.Bh6 Be6
23.Bxe6 fxe6 24.g4 Rbd8 25.Kg2 Rxf1 26.Rxf1 Rf8 27.Rxf8+ Kxf8 28.e5 Bc7 29.Kf3 Kf7
30.Ke4 a5 31.Ne1 b5 32.Nf3 Ne8 33.Ng5+ Ke7 34.b3 bxa4 35.bxa4 Bb6 36.Nxh7 Nc7
37.Bf8+ Kf7 38.Bd6 Nd5 39.Ng5+ Ke8 40.h4 Ne3 41.h5 gxh5 42.gxh5 Nf5 43.Kf3 Kd7
44.Ne4 Ke8 45.Bc5 Bd8 46.Nd6+ Nxd6 47.exd6 Bf6 48.Ke4 Kf7 49.Bb6  1-0

[Event "Lloyds Bank op"]
[Site "London"]
[Date "1988.??.??"]
[Round "?"]
[White "Ernst, Thomas"]
[Black "Burgess, Graham"]
[Result "1-0"]
[WhiteElo "2450"]
[BlackElo "2280"]

1.e4 g6 2.d4 Bg7 3.Nc3 d6 4.Be3 a6 5.Qd2 b5 6.Bd3 Nd7 7.Nf3 Bb7 8.O-O c5
9.d5 Ngf6 10.a3 O-O 11.Bh6 e5 12.dxe6 fxe6 13.Bxg7 Kxg7 14.Rfe1 Ng4 15.Bf1 Nde5
16.Nxe5 Nxe5 17.f4 Nc6 18.Rad1 Nd4 19.Ne2 e5 20.Nxd4 cxd4 21.fxe5 dxe5 22.Bd3 Qe7
23.Rf1 Rxf1+ 24.Rxf1 Rf8 25.Rxf8 Qxf8 26.Qa5 Qd6 27.b4 Kf6 28.a4 bxa4 29.Qxa4 Ke7
30.Qa5 h6 31.Kf2 Kd7 32.Ke2 Qe6 33.Kd2 Qd6 34.Kc1 Qc7 35.Qa2 Qc3 36.Qf7+ Kc8
37.Qe8+ Kc7 38.Qxe5+ Kb6 39.Qa5+ Kc6 40.Bxa6 Qe1+ 41.Kb2 Qc3+ 42.Kb1 Bxa6
43.Qxa6+ Kd7 44.Qb5+ Kd8 45.Qd5+ Ke8 46.Qe6+  1-0

[Event "Lloyds Bank op"]
[Site "London"]
[Date "1988.??.??"]
[Round "?"]
[White "Howell, James C"]
[Black "Helbig, Paul"]
[Result "1/2-1/2"]
[WhiteElo "2420"]
[BlackElo "2260"]

1.e4 g6 2.d4 Bg7 3.Nc3 d6 4.Be3 a6 5.a4 Nc6 6.Nf3 Bg4 7.Be2 e5 8.dxe5 dxe5
9.Qxd8+ Rxd8 10.Nd5 Rd7 11.O-O-O Nf6 12.Nxf6+ Bxf6 13.c3 Rxd1+ 14.Rxd1 O-O
15.b4 Rd8 16.a5 Rxd1+ 17.Kxd1 Be7 18.Kc2 f6 19.Bc4+ Kg7 20.Nd2 Nd8 21.Nb3 Be6
22.Bd3 Bc8 23.g3 Bd6 24.Bc4 Be6 25.Nd2 Bxc4 26.Nxc4 Be7 27.Kd3 Ne6 28.Nd2 Kf7
29.Kc4 Ke8 30.Nb3 Kd7 31.Nc5+ Nxc5 32.Bxc5 Bd6 33.Kd5 c6+ 34.Kc4 Bc7 35.f3 Ke6
36.Be3 Bb8 37.Bb6 h5 38.g4 hxg4 39.fxg4 g5 40.Kb3 Bd6 41.Kc4 Kd7 42.Bc5 Bb8
43.Bf2 Ke6 44.h4 gxh4 45.Bxh4 Ba7 46.Kd3 c5 47.g5 fxg5 48.Bxg5 cxb4 49.cxb4 Kd6
50.Bd8 Kc6 51.Kc4 Bd4 52.Bf6 Bb2 53.Bh4 Bd4 54.Bg3 Bb2 55.Bf2 Bc1 56.Bg3 Bb2
57.Be1 Bd4 58.Bc3 Bxc3 59.Kxc3 b6 60.axb6 Kxb6 61.Kb3 Kb5 62.Kc3 Kb6 63.Kc4 Kc6  1/2-1/2

[Event "Lloyds Bank op"]
[Site "London"]
[Date "1988.??.??"]
[Round "?"]
[White "Wilder, Michael"]
[Black "Sowray, Peter J"]
[Result "1-0"]
[WhiteElo "2505"]
[BlackElo "2330"]

1.e4 g6 2.d4 Bg7 3.Nc3 d6 4.Be3 c6 5.Qd2 Nd7 6.Nf3 b5 7.a4 b4 8.Ne2 Ngf6
9.Ng3 c5 10.Bc4 O-O 11.h3 d5 12.exd5 Nb6 13.Be2 cxd4 14.Bxd4 Nbxd5 15.O-O a5
16.Rfd1 Bb7 17.c4 bxc3 18.bxc3 Qc8 19.Rab1 Rd8 20.Rb5 Bc6 21.Rc5 Qb7 22.Bb5 Bxb5
23.Rxb5 Qc8 24.Rc5 Nc7 25.Qe2 Rd5 26.Qxe7 Rxc5 27.Qxc5 Ne6 28.Qb5 Nxd4 29.cxd4 Qd7
30.Rb1 Bf8 31.Qxd7 Nxd7 32.Rb7 Rd8 33.Ne4 Kg7 34.Kf1 h6 35.Ke2 Nf6 36.Nxf6 Kxf6
37.Kd3 Bd6 38.Ra7 Bb4 39.Ne5 Bc5 40.Nd7+  1-0

[Event "London NWYM"]
[Site "London"]
[Date "1988.??.??"]
[Round "?"]
[White "Kosten, Anthony C"]
[Black "McNab, Colin Anderson"]
[Result "1-0"]
[WhiteElo "2510"]
[BlackElo "2410"]

1.e4 g6 2.d4 d6 3.Nc3 Bg7 4.Nf3 Nf6 5.Be2 O-O 6.O-O Bg4 7.Be3 Nc6 8.Qd3 Nd7
9.Nd2 e5 10.d5 Bxe2 11.Nxe2 Ne7 12.Nc4 f5 13.f3 f4 14.Bf2 g5 15.Na5 b6 16.Nc6 Nxc6
17.dxc6 Nf6 18.Nc3 Kh8 19.b4 a5 20.a3 h5 21.Rad1 Ne8 22.h3 Bf6 23.Nd5 Rg8
24.c4 axb4 25.axb4 Rg7 26.c5 bxc5 27.bxc5 dxc5 28.Qc3 g4 29.Nxf4 exf4 30.Rxd8 Bxd8
31.Qxc5 Nf6 32.Bd4 gxh3 33.Qf8+ Kh7 34.Bxf6 Bxf6 35.Qxf6 hxg2 36.Rd1  1-0

[Event "London NWYM"]
[Site "London"]
[Date "1988.??.??"]
[Round "?"]
[White "Westerinen, Heikki MJ"]
[Black "McNab, Colin Anderson"]
[Result "1-0"]
[WhiteElo "2395"]
[BlackElo "2410"]

1.e4 g6 2.d4 d6 3.Nc3 Bg7 4.Be3 a6 5.Bc4 b5 6.Bb3 Bb7 7.f3 Nd7 8.Nge2 Ngf6
9.O-O O-O 10.Qd2 c5 11.dxc5 Nxc5 12.Bh6 Qb6 13.Kh1 Nxb3 14.axb3 Rac8 15.Bxg7 Kxg7
16.Nd1 h5 17.Ne3 h4 18.Nf4 Rh8 19.c3 Qc5 20.b4 Qe5 21.Rae1 h3 22.Nxh3 Rh4
23.Nf5+ gxf5 24.Qg5+ Kf8 25.Qxh4 fxe4 26.Qh8+ Ng8 27.Qxe5 dxe5 28.fxe4 f6
29.Nf2 Rc4 30.Nd3 Rxe4 31.Rxe4 Bxe4 32.Nxe5 Ke8 33.Re1 Bd5 34.Nd3  1-0

[Event "Lugano op"]
[Site "Lugano"]
[Date "1988.??.??"]
[Round "?"]
[White "Spraggett, Kevin"]
[Black "Kindermann, Stefan"]
[Result "0-1"]
[WhiteElo "2580"]
[BlackElo "2500"]

1.e4 d6 2.d4 g6 3.Nc3 Bg7 4.Nf3 Nf6 5.h3 O-O 6.Be3 c6 7.a4 Nbd7 8.a5 d5 9.e5 Ne8
10.Be2 f6 11.exf6 exf6 12.O-O Rf7 13.Bd3 Nf8 14.b3 Nd6 15.Ne2 Bf5 16.c4 Ne6
17.Nc3 Be4 18.a6 Rb8 19.c5 Bxd3 20.Qxd3 Nf5 21.axb7 Rfxb7 22.Nd2 Nxe3 23.fxe3 f5
24.Ne2 Rf7 25.Ra6 Qe8 26.Nf3 Re7 27.Ra2 Bh6 28.Kf2 Ng5 29.Nxg5 Bxg5 30.Nf4 Bh4+
31.Ke2 Qf7 32.Kd2 Rbe8 33.Rf3 g5 34.Ne2 f4 35.Qa6 Qg6 36.g3 Qe4 37.Ng1 Qb1
38.Ne2 Qe4 39.Ng1 Qb1 40.Ne2 Rxe3 41.Rxe3 fxe3+ 42.Kc3 Rb8 43.Qa4 Qe1+ 44.Kd3 Qd1+
45.Kc3 Bxg3 46.Nxg3 a5 47.Ne2 Rb4 48.Qa3 Qe1+ 49.Kd3 a4 50.bxa4 Qb1+ 51.Kxe3 Rb3+
52.Kf2 Qf5+ 53.Ke1 Qxh3 54.Qb2 Rxb2 55.Rxb2 Qa3 56.Rb7 Qxa4 57.Re7 Qb4+ 58.Kf2 Qd2
59.Re6 Kf7 60.Rh6 Qc2 61.Rxc6 g4 62.Rc7+ Kf6 63.Rc6+ Kg5 64.Rc7 g3+ 65.Ke1 Qb1+
66.Kd2 Qa2+ 67.Kd1 Qa4+ 68.Kc1 Qa5 69.Re7 Kf6  0-1

[Event "Lyngby op"]
[Site "Lyngby"]
[Date "1988.??.??"]
[Round "1"]
[White "Iskov, Gert"]
[Black "Hoi, Carsten"]
[Result "1-0"]
[WhiteElo "2325"]
[BlackElo "2455"]

1.e4 g6 2.d4 Bg7 3.Nc3 d6 4.f4 Nf6 5.Nf3 O-O 6.Bd3 Nc6 7.O-O Nb4 8.Be2 c5
9.d5 Bg4 10.a3 Na6 11.e5 dxe5 12.fxe5 Nd7 13.d6 e6 14.Bg5 Qb6 15.Be7 Bxf3
16.Bxf3 c4+ 17.Kh1 Nac5 18.Rb1 Nxe5 19.b4 cxb3 20.cxb3 Ncd3 21.Qd2 Nxf3 22.Qxd3 Ne5
23.Qg3 Rfe8 24.Ne4 f5 25.Nf6+ Bxf6 26.Bxf6 Ng4 27.Bg5 h6 28.d7 hxg5 29.dxe8=Q+ Rxe8
30.h3 Nf6 31.Qxg5 Kg7 32.Rfd1 Re7 33.Rd3 Kf7 34.Rg3 e5 35.Qxg6+ Ke6 36.Rf1 f4
37.Rg5 Rf7 38.Qf5+  1-0

[Event "Madrid rapid"]
[Site "Madrid"]
[Date "1988.??.??"]
[Round "5"]
[White "Illescas Cordoba, Miguel"]
[Black "Azmaiparashvili, Zurab"]
[Result "0-1"]
[WhiteElo "2495"]
[BlackElo "2540"]

1.e4 d6 2.d4 g6 3.Nc3 Bg7 4.h4 c6 5.h5 Qb6 6.Nge2 e5 7.h6 Bf6 8.d5 Be7 9.a3 Nf6
10.Be3 Qa5 11.b4 Qc7 12.f3 cxd5 13.exd5 a6 14.Qd2 Nbd7 15.Ng3 Nb6 16.Nge4 Nxe4
17.fxe4 Bg4 18.Nd1 Rc8 19.Nf2 Bd7 20.Rc1 Nc4 21.Bxc4 Qxc4 22.Qd3 f5 23.O-O O-O
24.Rfe1 f4 25.Bb6 g5 26.Qxc4 Rxc4 27.Nd1 Rfc8 28.c3 g4 29.g3 Bg5 30.gxf4 Bxh6
31.Ne3 Rxe4 32.fxe5 Rxe5 33.Bd4 Re4 34.Rcd1 Rce8 35.Ng2 Rxe1+ 36.Rxe1 Rxe1+
37.Nxe1 Bf5 38.Ng2 Bc1 39.a4 Be4 40.Ne3 h5 41.Kf2 Kf7 42.Nc4 Bf4 43.Be3 g3+
44.Kg1 Bxe3+ 45.Nxe3 h4 46.c4 h3 47.Ng4 h2+ 48.Nxh2 gxh2+ 49.Kxh2 Bc2 50.a5 Bb3  0-1

[Event "Martigny op"]
[Site "Martigny"]
[Date "1988.??.??"]
[Round "6"]
[White "Rodriguez, Amador"]
[Black "Hickl, Joerg"]
[Result "1/2-1/2"]
[WhiteElo "2540"]
[BlackElo "2485"]

1.e4 g6 2.d4 Bg7 3.Nc3 d6 4.h3 a6 5.a4 Nf6 6.Nf3 O-O 7.Be3 Nc6 8.Be2 e5 9.dxe5 Nxe5
10.O-O Nc6 11.Qd2 Re8 12.Bg5 Be6 13.Rad1 Qe7 14.Rfe1 Qf8 15.Rf1 h6 16.Be3  1/2-1/2

[Event "Martigny op"]
[Site "Martigny"]
[Date "1988.??.??"]
[Round "8"]
[White "Habibi, Ali"]
[Black "Kljako, Damir"]
[Result "0-1"]
[WhiteElo "2250"]
[BlackElo "2270"]

1.e4 d6 2.d4 g6 3.Nc3 Bg7 4.Nf3 c6 5.a4 a5 6.h3 Nf6 7.Be2 O-O 8.O-O Qc7 9.Re1 e5
10.Bf1 Na6 11.Bg5 h6 12.Be3 Re8 13.Qd2 Kh7 14.g4 Ng8 15.dxe5 dxe5 16.Rad1 Bf8
17.Bxa6 Rxa6 18.Kg2 Ra8 19.Ng1 Nf6 20.f3 Be6 21.Qf2 Qe7 22.Nge2 Nd7 23.Nd5 cxd5
24.exd5 Rac8 25.dxe6 Qxe6 26.Nc3 f5 27.Qh4 Nf6 28.Bg5 Bg7 29.Re2 Rc4 30.Bxf6 Bxf6
31.Qg3 e4 32.fxe4 Bxc3 33.bxc3 Rxe4 34.Rf2 fxg4 35.Rd6 gxh3+ 36.Kh2 Qg8 37.Rd7+ R8e7
38.Qc7 Qe8 39.Rfd2 h5 40.Qxb7 Kh6 41.Rxe7 Rxe7 42.Qf3 Re4 43.Qf6 Rg4 44.Rf2 Qb8+
45.Kh1 Rxa4 46.Rf1 Rg4 47.c4 Rxc4 48.Qf3 Qe8 49.Kh2 Qe5+  0-1

[Event "Mendrisio op"]
[Site "Mendrisio"]
[Date "1988.??.??"]
[Round "2"]
[White "Cirabisi, Federico"]
[Black "Marangunic, Srdjan"]
[Result "0-1"]
[WhiteElo "2145"]
[BlackElo "2450"]

1.e4 g6 2.d4 Bg7 3.Nc3 d6 4.Be3 a6 5.Qd2 b5 6.Bd3 Bb7 7.Nh3 Nd7 8.O-O Ngf6
9.Bh6 O-O 10.Bxg7 Kxg7 11.f4 e5 12.dxe5 dxe5 13.Rae1 Qe7 14.Rf3 Rad8 15.Nf2 exf4
16.Qxf4 Qe5 17.Qc1 c5 18.Rh3 h5 19.Rg3 c4 20.Rg5 Qd4 21.Be2 b4 22.Rd1 Qa7
23.Nd5 Nxe4 24.Ne3 Ndf6 25.Rxd8 Rxd8 26.Nxe4 Bxe4 27.Kf1 c3 28.bxc3 bxc3
29.Nc4 Qc7 30.Rg3 Rd4 31.Rxc3 Qxh2 32.Qg5 Rd5 33.Qg3 Qh1+ 34.Kf2 Bxg2 35.Bf3 Bxf3  0-1

[Event "Mendrisio op"]
[Site "Mendrisio"]
[Date "1988.??.??"]
[Round "6"]
[White "Rogers, Ian"]
[Black "Arapovic, Vitomir"]
[Result "1/2-1/2"]
[WhiteElo "2540"]
[BlackElo "2370"]

1.d4 g6 2.e4 Bg7 3.Nc3 d6 4.Be3 c6 5.Nf3 Nd7 6.h3 e5 7.dxe5 dxe5 8.a4 Ngf6
9.Bc4 Qe7 10.O-O O-O 11.Nd2 Nc5  1/2-1/2

[Event "Montpellier"]
[Site "Montpellier"]
[Date "1988.??.??"]
[Round "12"]
[White "Illescas Cordoba, Miguel"]
[Black "Weill, Roland"]
[Result "1-0"]
[WhiteElo "2495"]
[BlackElo "2265"]

1.e4 g6 2.d4 Bg7 3.Nc3 d6 4.h4 h5 5.Bc4 Nc6 6.Nge2 e5 7.dxe5 Nxe5 8.Bb3 Nf6
9.Bg5 Qd7 10.f3 b5 11.Qd2 a5 12.a3 Ba6 13.Nd5 Nxd5 14.Bxd5 c6 15.Ba2 b4 16.axb4 axb4
17.Bb3 O-O 18.Rd1 Nc4 19.Bxc4 Bxc4 20.Qxb4 d5 21.Qxc4  1-0

[Event "Munich"]
[Site "Munich"]
[Date "1988.??.??"]
[Round "?"]
[White "Hecht, Hans Joachim"]
[Black "Hickl, Joerg"]
[Result "1/2-1/2"]
[WhiteElo "2445"]
[BlackElo "2485"]

1.e4 g6 2.d4 Bg7 3.Nc3 d6 4.Be3 c6 5.Qd2 b5 6.f3 a6 7.Nd1 Nd7 8.Nf2 Ngf6
9.Rd1 Qc7 10.Ngh3 Bb7 11.Be2 O-O 12.O-O Rad8 13.b3 c5 14.c3 Rfe8 15.Rfe1 Nf8
16.Bf1 Rc8  1/2-1/2

[Event "Munich"]
[Site "Munich"]
[Date "1988.??.??"]
[Round "?"]
[White "Bischoff, Klaus"]
[Black "Kindermann, Stefan"]
[Result "1/2-1/2"]
[WhiteElo "2465"]
[BlackElo "2500"]

1.e4 d6 2.Nc3 g6 3.d4 Bg7 4.f4 Nf6 5.Nf3 c5 6.Bb5+ Bd7 7.e5 Ng4 8.e6 fxe6
9.Ng5 Bxb5 10.Nxe6 Bxd4 11.Nxd8 Bf2+ 12.Kd2 Be3+ 13.Ke1 Bf2+ 14.Kd2  1/2-1/2

[Event "Naestved op"]
[Site "Naestved"]
[Date "1988.??.??"]
[Round "?"]
[White "Ziegler, Ari"]
[Black "Kvamme, John A"]
[Result "1-0"]
[WhiteElo "2260"]
[BlackElo "2150"]

1.e4 g6 2.d4 Bg7 3.Nc3 d6 4.Bc4 c6 5.Qf3 e6 6.Nge2 d5 7.Bd3 Nf6 8.e5 Nfd7
9.h4 c5 10.Nb5 O-O 11.h5 cxd4 12.hxg6 Nxe5 13.Qh3 fxg6 14.Qxh7+ Kf7 15.Bh6 Rg8
16.Rh3 Nbc6 17.Bxg6+ Kf8 18.Nbxd4 Qf6 19.Nxc6 bxc6 20.Nf4 Ng4 21.Rf3 Qxb2
22.Nxd5+  1-0

[Event "Naestved op"]
[Site "Naestved"]
[Date "1988.??.??"]
[Round "6"]
[White "Brynell, Stellan"]
[Black "Lau, Ralf"]
[Result "1/2-1/2"]
[WhiteElo "2385"]
[BlackElo "2495"]

1.e4 g6 2.d4 Bg7 3.Nc3 d6 4.Nf3 Nf6 5.h3 O-O 6.Be3 c6 7.a4 a5 8.Be2 Nbd7
9.O-O d5 10.e5 Ne8 11.Qd2 f6 12.exf6 exf6 13.Bf4 Rf7 14.Rfe1 Nf8 15.Bd3 Ne6
16.Bh2 N8c7 17.Ne2 Bf8 18.c3 Bd6 19.Bxd6 Qxd6 20.Qh6 Bd7 21.Bc2 Re8 22.h4 Qf8
23.Qd2 Rfe7 24.Ng3 Ng7 25.Rxe7 Rxe7 26.Re1 Rxe1+ 27.Qxe1 Nce6 28.Qe3 Qd6
29.Ne2 Nh5 30.g3 Neg7 31.Nh2 Ne8 32.Bd3 Qe6 33.Qxe6+ Bxe6 34.Nf1 Nd6 35.Ne3 Kf8
36.Kg2 Ke7 37.Kf3 Ng7 38.Nf4 Bf5 39.Bxf5 Ngxf5 40.Nxf5+ Nxf5 41.Nd3 Nd6  1/2-1/2

[Event "National op"]
[Site "?"]
[Date "1988.??.??"]
[Round "?"]
[White "Kopec, Danny"]
[Black "Reyes, Romuel"]
[Result "1-0"]
[WhiteElo "2405"]
[BlackElo "2320"]

1.e4 g6 2.d4 Bg7 3.Nc3 d6 4.f4 e6 5.Nf3 Nf6 6.e5 Nfd7 7.Be3 d5 8.Bd3 b6 9.Bf2 Bf8
10.h4 h5 11.Ng5 Be7 12.Nxe6 fxe6 13.Bxg6+ Kf8 14.f5 Nf6 15.exf6 Bxf6 16.Qf3 Nc6
17.O-O-O Ne7 18.Bxh5 Nxf5 19.g4 Rxh5 20.gxh5 Ke7 21.Rde1 Kd6 22.Rhg1 Bd7
23.Rg6 Kc6 24.Nxd5 exd5 25.Re5 Kb7 26.Rxd5 c6 27.Rxf5 Bxf5 28.Qxf5 Be7 29.Rg7 Ka6
30.Qd3+ b5 31.Qe4  1-0

[Event "New York op"]
[Site "New York"]
[Date "1988.??.??"]
[Round "?"]
[White "Wolff, Patrick G"]
[Black "Lobron, Eric"]
[Result "1-0"]
[WhiteElo "2530"]
[BlackElo "2490"]

1.e4 g6 2.d4 Bg7 3.Nc3 d6 4.f4 Nf6 5.Nf3 c5 6.Bb5+ Bd7 7.e5 Ng4 8.e6 Bxb5
9.exf7+ Kd7 10.Nxb5 Qa5+ 11.Nc3 cxd4 12.Nxd4 h5 13.h3 Nc6 14.Ne2 Nh6 15.Be3 Nf5
16.Bf2 h4 17.a3 Nd8 18.Qd3 Nxf7 19.O-O Bxc3 20.Nxc3 Rhc8 21.Rfe1 Qa6 22.Qd5 Nd8
23.Qg8 Qc4 24.Qxg6 Qf7 25.Qg4 Ne6 26.Qf3 Rc6 27.Re4 Nf8 28.Qd3 Ng6 29.Qb5 Kc8
30.Nd5 e6 31.Rae1 Nf8 32.c4 Qg6 33.Qa5 Kb8 34.Ne7  1-0

[Event "SWE-ch"]
[Site "Norrkoeping"]
[Date "1988.??.??"]
[Round "?"]
[White "Andersson, B."]
[Black "Johansson, Jan"]
[Result "0-1"]
[WhiteElo "2320"]
[BlackElo "2330"]

1.e4 g6 2.d4 Bg7 3.Nc3 d6 4.Nf3 Nf6 5.h3 O-O 6.Be3 a6 7.a4 Nc6 8.Qd2 e5 9.d5 Ne7
10.g4 Bd7 11.g5 Nh5 12.a5 f5 13.gxf6 Rxf6 14.Nh2 Kh8 15.Ng4 Rf7 16.O-O-O Ng8
17.Bc4 Nf4 18.Rdg1 b6 19.Ne2 Bb5 20.Nxf4 exf4 21.Bd4 Bxc4 22.h4 Bb5 23.h5 g5
24.h6 Bxd4 25.Qxd4+ Nf6 26.Rh5 Be2 27.Rxg5 Qe7 28.Rf5 Bxg4 29.Rxg4 Rg8 30.f3 bxa5
31.Rgg5 Rxg5 32.Rxg5 Qf8 33.e5 Qxh6 34.Qxf4 dxe5 35.Qf5 Rg7 36.f4 Rxg5 37.fxg5 Qh1+
38.Kd2 Qxd5+ 39.Kc1 Ng8 40.Kb1 Qd6  0-1

[Event "Oslo"]
[Site "Oslo"]
[Date "1988.??.??"]
[Round "?"]
[White "Haugli, Petter"]
[Black "Davies, Nigel R"]
[Result "0-1"]
[WhiteElo "2350"]
[BlackElo "2450"]

1.e4 d6 2.d4 g6 3.Nc3 Bg7 4.Be3 a6 5.h4 Nf6 6.Be2 h5 7.f3 Nc6 8.Nh3 Bxh3
9.Rxh3 O-O 10.Qd2 e5 11.d5 Nd4 12.O-O-O c5 13.g4 b5 14.Bg5 b4 15.Na4 hxg4
16.Bxf6 Bxf6 17.fxg4 Bxh4 18.Kb1 Bg5 19.Qe1 Kg7 20.Qf2 Qf6 21.Qg2 Rh8 22.Rf1 Bf4
23.Rfh1 a5 24.Bd3 Rhb8 25.Rh7+ Kf8 26.Nb6 Ke7 27.Nxa8 Rxa8 28.Qh3 a4 29.Rh8 Rxh8
30.Qxh8 Qxh8 31.Rxh8 Nf3 32.Ra8 Nd2+ 33.Ka1 f5 34.gxf5 gxf5 35.Rxa4 fxe4
36.Ra7+ Kf6 37.Be2 Nf3 38.a4 bxa3 39.bxa3 Nd4 40.Bd1 e3 41.a4 e2 42.Bxe2 Nxe2
43.a5 e4 44.a6 Be5+ 45.Kb1 Nc3+ 46.Kc1 e3 47.Rh7 e2 48.Rh1 Bf4+ 49.Kb2 Bd2  0-1

[Event "Oslo"]
[Site "Oslo"]
[Date "1988.??.??"]
[Round "?"]
[White "Haugli, Petter"]
[Black "Karlsson, Lars"]
[Result "0-1"]
[WhiteElo "2350"]
[BlackElo "2510"]

1.e4 d6 2.d4 g6 3.Nc3 Bg7 4.Be3 a6 5.a4 Nf6 6.h3 O-O 7.Nf3 b6 8.Bc4 e6 9.Bg5 h6
10.Bh4 Bb7 11.Qe2 Qe8 12.O-O Nbd7 13.Rfe1 Nh5 14.Rad1 c6 15.Qe3 b5 16.Bf1 b4
17.Nb1 c5 18.c3 bxc3 19.bxc3 g5 20.Bg3 Nxg3 21.fxg3 Nf6 22.dxc5 d5 23.exd5 Nxd5
24.Qe4 Bc6 25.Ne5 Nxc3 26.Qxc6 Nxd1 27.Qe4 Qe7 28.Kh2 Nb2 29.Qc2 Qc7 30.Qxb2 Rfb8
31.Qd4 Bxe5 32.Rxe5 Rxb1 33.Bd3 Rd8 34.Qc3 Rxd3 35.Qxd3 Qxe5 36.Qxb1 Qxc5
37.Qf1 Qa5 38.Qf6 Qxa4 39.Qxh6 Qb5 40.h4 Qf5  0-1

[Event "Oslo"]
[Site "Oslo"]
[Date "1988.??.??"]
[Round "?"]
[White "Poulsson, Eivind"]
[Black "Davies, Nigel R"]
[Result "1/2-1/2"]
[WhiteElo "2345"]
[BlackElo "2450"]

1.e4 d6 2.d4 g6 3.Nc3 Bg7 4.Nf3 Nf6 5.h3 O-O 6.Be3 c6 7.a4 d5 8.e5 Ne4 9.Nxe4 dxe4
10.Nd2 f5 11.f4 exf3 12.Bc4+ e6 13.Nxf3 Qe7 14.Qd2 Nd7 15.O-O c5 16.Bg5 Qf7
17.Bh6 Nb6 18.Bxg7 Kxg7 19.Ba2 Rd8 20.a5 Nd5 21.dxc5 Qe7 22.Qf2 Nb4 23.Bb3 Na6
24.Rad1 Rxd1 25.Rxd1 Nxc5 26.Qd4 Bd7 27.Qb4 Re8 28.Nd4 g5 29.Ba2 h5 30.Nb5 Bxb5
31.Qxb5 a6 32.Qb6 Ne4 33.Qd4 Kg6 34.c3 Qc5 35.Bb1 Qxd4+ 36.Rxd4 Ng3 37.Kf2 h4  1/2-1/2

[Event "Oslo"]
[Site "Oslo"]
[Date "1988.??.??"]
[Round "?"]
[White "Gausel, Einar"]
[Black "Davies, Nigel R"]
[Result "0-1"]
[WhiteElo "2360"]
[BlackElo "2450"]

1.d4 d6 2.e4 g6 3.Nc3 Bg7 4.Bc4 Nc6 5.Be3 Nf6 6.h3 e5 7.dxe5 Nxe5 8.Bb3 O-O
9.Qd2 b5 10.f3 b4 11.Nd5 Nxd5 12.Bxd5 c6 13.Bb3 a5 14.a4 d5 15.exd5 Nc4 16.Bxc4 Bxb2
17.Ne2 Qh4+ 18.Bf2 Qxc4 19.Rb1 Bc3 20.Nxc3 bxc3 21.Qd3 Re8+ 22.Kd1 Qa2 23.Rc1 Ba6
24.Qxc3 Qxd5+ 25.Qd2 Rad8  0-1

[Event "Paris-ch"]
[Site "Paris"]
[Date "1988.??.??"]
[Round "2"]
[White "Hebden, Mark"]
[Black "Bernard, Christophe"]
[Result "1-0"]
[WhiteElo "2475"]
[BlackElo "2350"]

1.e4 d6 2.Nc3 g6 3.d4 Bg7 4.Be3 Nf6 5.h3 O-O 6.Nf3 c6 7.a4 Na6 8.Be2 Nc7
9.O-O d5 10.e5 Nfe8 11.Qd2 f6 12.Bh6 g5 13.Bxg7 Nxg7 14.Bd3 Bf5 15.Rae1 Bxd3
16.Qxd3 Qd7 17.Ne2 Nce6 18.Qd2 a5 19.Nc1 b5 20.Nd3 bxa4 21.Ra1 Rfc8 22.Ra3 c5
23.dxc5 Nxc5 24.Nxc5 Rxc5 25.Re1 Rac8 26.Nd4 Qb7 27.exf6 exf6 28.Rf3 Qxb2
29.Rxf6 Rxc2 30.Qxg5 Rc1 31.Qxd5+ Kh8 32.Rxc1 Qxc1+ 33.Kh2 Qb2 34.Rf7 Qb8+
35.g3 Rg8 36.Qxa5 Qa8 37.Qa7 Qd5 38.Rd7 Qa2 39.Nf5 Qb2 40.Rb7  1-0

[Event "Bohemians"]
[Site "Prague"]
[Date "1988.??.??"]
[Round "?"]
[White "Prandstetter, Eduard"]
[Black "Kindermann, Stefan"]
[Result "1/2-1/2"]
[WhiteElo "2395"]
[BlackElo "2500"]

1.e4 g6 2.d4 Bg7 3.Nc3 d6 4.Nge2 Nc6 5.d5 Ne5 6.f4 Nd7 7.Nd4 c6 8.Be3 cxd5
9.exd5 Ngf6 10.Be2 Nb6 11.Nb3 Bf5 12.O-O O-O 13.Bd4 Qc8 14.Re1 Re8 15.Bb5 Bd7
16.Bxd7 Qxd7 17.Qd3 Rac8 18.Bxb6 axb6 19.Nd4 Qg4 20.Rf1 Nh5  1/2-1/2

[Event "Rome"]
[Site "Rome"]
[Date "1988.??.??"]
[Round "?"]
[White "Hansen, Curt"]
[Black "Todorcevic, Miodrag"]
[Result "1/2-1/2"]
[WhiteElo "2560"]
[BlackElo "2475"]

1.d4 g6 2.e4 Bg7 3.Nc3 d6 4.f4 c6 5.Be3 Qb6 6.Rb1 f5 7.e5 dxe5 8.fxe5 Bxe5
9.Nf3 Bg7 10.Bc4 Nf6 11.Qd2 Qb4 12.Ne5 e6 13.O-O Qe7 14.Bg5 b5 15.Bb3 b4
16.Bxf6 Bxf6 17.Ne2 a5 18.Qe3 a4 19.Bc4 Ra5 20.Nd3 O-O 21.Nef4 Na6 22.c3 bxc3
23.bxc3 Nc7 24.Rfe1 Re8 25.Rb8 Ra8 26.Rxa8 Nxa8 27.Nc5 Nb6 28.Bxe6+ Bxe6
29.Qd3 Qd6 30.Rxe6 Rxe6 31.Nfxe6 Nd5 32.g3  1/2-1/2

[Event "Saint John op-2"]
[Site "Saint John"]
[Date "1988.??.??"]
[Round "?"]
[White "Boyd, Stephen"]
[Black "Gonzales, Jorge A"]
[Result "0-1"]
[WhiteElo "2250"]
[BlackElo "2375"]

1.e4 g6 2.d4 Bg7 3.Nc3 d6 4.Be3 Nf6 5.h3 O-O 6.Nge2 c6 7.a4 a5 8.g3 Nbd7
9.Bg2 e5 10.O-O Qe7 11.Re1 Ne8 12.d5 c5 13.Qd2 f5 14.exf5 gxf5 15.f4 e4 16.g4 fxg4
17.hxg4 Ndf6 18.g5 Ng4 19.Nxe4 Bf5 20.N2g3 Bxe4 21.Bxe4 Nxe3 22.Rxe3 Bd4
23.c3 Bxe3+ 24.Qxe3 h6 25.g6 Nf6 26.Qf3 Nxe4 27.Nxe4 Rae8 28.Re1 Kg7 29.Re2 Qh4
30.Rf2 Kxg6 31.c4 Kh7 32.Qd3 Qg4+ 33.Rg2 Qf5 34.Qc3 Re7 35.Nxd6 Qxf4 36.Qd3+ Kh8
37.Qg3 Qxg3 38.Rxg3 Rf6 39.Nb5 Rg7 40.Kg2 Rfg6 41.Rxg6 Rxg6+ 42.Kh3 Kg7 43.Nc3 Kf7
44.Ne4 b6 45.b3 Ke7 46.Ng3 Kf6 47.Kh4 Ke5 48.Kh3 Kf4 49.Ne2+ Kf3 50.Nc3 Kf4
51.Ne2+ Ke3 52.Ng3 Kd3 53.Nf5 Kc3 54.Ne7 Rf6 55.Nc8 Kxb3 56.d6 Rxd6 57.Nxd6 Kxa4
58.Nc8 Kb3 59.Nxb6 a4 60.Nd7 Kxc4  0-1

[Event "Saint John op-2"]
[Site "Saint John"]
[Date "1988.??.??"]
[Round "?"]
[White "Gonzales, Jorge A"]
[Black "Salman, Nachum"]
[Result "0-1"]
[WhiteElo "2375"]
[BlackElo "2560"]

1.e4 g6 2.d4 Bg7 3.Nc3 d6 4.Bg5 Nc6 5.d5 Ne5 6.f4 Nd7 7.Nf3 c6 8.Bc4 b5 9.Bb3 c5
10.Nxb5 Qa5+ 11.Nc3 Ba6 12.Kf2 Bxc3 13.bxc3 c4 14.Qd4 f6 15.Bxc4 Bxc4 16.Qxc4 fxg5
17.Nxg5 Qc5+ 18.Qd4 Ngf6 19.Rhe1 Rc8 20.Ke3 O-O 21.Kd2 Qxd4+ 22.cxd4 Rc4
23.c3 Rfc8 24.Rac1 Nb6 25.Re3 Ra4 26.Rh3 Rxa2+ 27.Rc2 Nc4+ 28.Kd3 Ra1 29.e5 Nxd5
30.Ke4 Ncb6 31.Rxh7 Nxc3+ 32.Kf3 Rf1+ 33.Kg4 Nbd5 34.exd6 Ne3+ 35.Kh3 Nxc2
36.d7 Rd8 37.Rxe7 Re1 38.Ne6 Rxd7 39.Rxd7 Rxe6 40.Rxa7 Nd5 41.g3 Nxd4 42.Kg4 Ne3+  0-1

[Event "Saint John op-1"]
[Site "Saint John"]
[Date "1988.??.??"]
[Round "?"]
[White "Berry, Jonathan"]
[Black "Gonzales, Jorge A"]
[Result "0-1"]
[WhiteElo "2270"]
[BlackElo "2375"]

1.e4 g6 2.d4 Bg7 3.Nc3 d6 4.Be3 Nf6 5.f3 O-O 6.Qd2 Nc6 7.Bb5 a6 8.Bxc6 bxc6
9.Nge2 a5 10.a4 Ba6 11.h4 Qb8 12.Kf2 h5 13.Rag1 e5 14.g4 Qb4 15.gxh5 Nxh5
16.d5 Bxe2 17.Kxe2 cxd5 18.exd5 Kh7 19.Rg4 Qb8 20.Rhg1 Rh8 21.Nb5 Qb7 22.Rc4 Rhc8
23.Rd1 Ra6 24.Kf2 f5 25.Qc3 f4 26.Bc1 c5 27.dxc6 Raxc6 28.Nxd6 Qb6+ 29.Kg2 Rxd6
30.Rxd6 Qxd6 31.Rxc8 e4 32.Qc4 exf3+ 33.Kf2 Qd1 34.Bxf4 Bd4+ 35.Be3 Qd2+  0-1